LEADER 02025nam 2200541Ia 450 001 9910702353503321 005 20121220091056.0 035 $a(CKB)5470000002426623 035 $a(OCoLC)821666277 035 $a(EXLCZ)995470000002426623 100 $a20121217d2012 ua 0 101 0 $aeng 135 $aurcn||||||||| 181 $ctxt$2rdacontent 182 $cc$2rdamedia 183 $acr$2rdacarrier 200 10$aDesign and analysis tool for external-compression supersonic inlets$b[electronic resource] /$fJohn W. Slater 210 1$aCleveland, Ohio :$cNational Aeronautics and Space Administration, Glenn Research Center,$d[2012] 215 $a1 online resource (23 pages) $ccolor illustrations 225 1 $aNASA/TM ;$v2012-217660 300 $aTitle from title screen (viewed on Dec. 17, 2012). 300 $a"August 2012." 300 $a"Prepared for the 50th Aerospace Sciences Meeting sponsored by the American Institute of Aeronautics and Astronautics, Nashville, Tennessee, January 9-12, 2012." 300 $a"AIAA-2012-0016." 320 $aIncludes bibliographical references (pages 22-23). 606 $aComputational fluid dynamics$2nasat 606 $aSupersonic inlets$2nasat 606 $aFlow distribution$2nasat 606 $aAerodynamic characteristics$2nasat 606 $aDrag$2nasat 606 $aFlow velocity$2nasat 606 $aSupersonic speed$2nasat 615 7$aComputational fluid dynamics. 615 7$aSupersonic inlets. 615 7$aFlow distribution. 615 7$aAerodynamic characteristics. 615 7$aDrag. 615 7$aFlow velocity. 615 7$aSupersonic speed. 700 $aSlater$b John W$017883 712 02$aNASA Glenn Research Center. 712 12$aAIAA Aerospace Sciences Meeting$d(50th :$f2012 :$eNashville, Tenn.) 801 0$bGPO 801 1$bGPO 906 $aBOOK 912 $a9910702353503321 996 $aDesign and analysis tool for external-compression supersonic inlets$93533018 997 $aUNINA